Giáo trình phương pháp dạy học Địa lý :
Giáo trình đã đi sâu vào việc sử dụng các nhóm phương pháp dạy học cụ thể như: Nhóm phương pháp dạy học sử dụng lời nói; Nhóm phương pháp dạy học tương tác; Nhóm phương pháp dạy học sử dụng phương tiện trực quan; Nhóm phương pháp dạy học...
Saved in:
| Main Author: | |
|---|---|
| Format: | Book |
| Language: | Undetermined |
| Published: |
Cần Thơ
Trường Đại học Cần Thơ
2020
|
| Subjects: | |
| Tags: |
Add Tag
No Tags, Be the first to tag this record!
|
| Institutions: | Trung tâm Học liệu Trường Đại học Cần Thơ |
|---|
| LEADER | 01341nam a2200229Ia 4500 | ||
|---|---|---|---|
| 001 | CTU_233365 | ||
| 008 | 210402s9999 xx 000 0 und d | ||
| 082 | |a 910.712 | ||
| 082 | |b Nh561 | ||
| 088 | |a T2011-48 | ||
| 100 | |a Lê, Văn Nhương | ||
| 245 | 0 | |a Giáo trình phương pháp dạy học Địa lý : | |
| 245 | 0 | |c Lê Văn Nhương (Chủ biên) | |
| 260 | |a Cần Thơ | ||
| 260 | |b Trường Đại học Cần Thơ | ||
| 260 | |c 2020 | ||
| 520 | |a Giáo trình đã đi sâu vào việc sử dụng các nhóm phương pháp dạy học cụ thể như: Nhóm phương pháp dạy học sử dụng lời nói; Nhóm phương pháp dạy học tương tác; Nhóm phương pháp dạy học sử dụng phương tiện trực quan; Nhóm phương pháp dạy học thực hành địa lí; Nhóm phương pháp dạy học thực tiễn; Nhóm phương pháp dạy học dựa trên nền tảng ứng dụng công nghệ thông tin. Trong mỗi nhóm hương pháp, các tác giả trình | ||
| 650 | |a Geography,Địa lí | ||
| 650 | |x Study and teaching (Secondary),Dạy và học (trung học) | ||
| 904 | |i Tuyến | ||
| 910 | |a Tuyến | ||
| 980 | |a Trung tâm Học liệu Trường Đại học Cần Thơ | ||